| 000 | 02294cam a22005054i 4500 | ||
|---|---|---|---|
| 003 | PE-LiUPU | ||
| 005 | 20250731173350.0 | ||
| 008 | 150706s2009 inu r 000 0 eng d | ||
| 020 | _a9781575061719 | ||
| 035 | _a(Sirsi) i9781575061719 | ||
| 040 |
_aPE-LiUPU _bspa _cPE-LiUPU _erda |
||
| 049 | _aPRUA | ||
| 082 | 0 | 4 |
_a296.3 _bL84 _221 |
| 100 | 1 |
_aLohr, Joel N., _eautor. |
|
| 245 | 1 | 0 |
_aChosen and unchosen : _bconceptions of election in the pentateuch and jewish-christian interpretation / _cJoel N. Lohr. |
| 264 | 1 |
_aWinona Lake, Indiana : _bEisenbrauns, _c2009. |
|
| 300 |
_a254 páginas ; _c24 centímetros |
||
| 336 |
_atext _2rdacontent |
||
| 337 |
_aunmediated _2rdamedia |
||
| 338 |
_avolume _2rdacarrier |
||
| 505 | 0 | _aElection in Jewish and Christian interpretation -- Introducing election and nonelection -- Jewish election theologies : exclusion and disgrace? -- Election and nonelection in the Pentateuch: Test cases -- Blessing or curse? Abraham, election, and the nations : the story of Abimelech -- An Unchosen figure who saves a people (Exodus 2: 1-10) -- Numbers : Balaam and YHWH's irrevocable love for Israel -- Israel and the nations in Deuteronomy -- Chosen and Unchosen : can good come from a God who favors?. | |
| 526 | _aSEG42 | ||
| 526 | _aSEG41 | ||
| 526 | _aSEG40 | ||
| 526 | _aSEG39 | ||
| 526 | _aP94 | ||
| 526 | _aP87 | ||
| 526 | _aP86 | ||
| 526 | _aP85 | ||
| 526 | _aP77 | ||
| 526 | _aP76 | ||
| 526 | _aP35 | ||
| 541 | _g479133; | ||
| 630 |
_aBiblia. _pA.T. _xTeología. |
||
| 630 |
_aBiblia. _pPentateuco _xCrítica, interpretación, etc. |
||
| 650 | 0 | 4 |
_aCristianismo y otras religiones _xJudaísmo _vEnseñanza bíblica. |
| 650 | 0 | 4 |
_aDoctrina de la Elección _xEnseñanza bíblica. |
| 650 | 0 | 4 |
_aJudaismo _xRelaciones _xCristianismo. |
| 910 |
_agl _bjv _clch _d20100217 |
||
| 942 |
_2ddc _cBOOK |
||
| 949 |
_a296.3 L84 _wDEWEY _c1 _i60993 _lCCODEBUL1 _mBUL _p40.00 _r0 _sY _tBOOK _u2015-7-6 _xTEOLOGIA _zUNKNOWN _0COMPRA _o.STAFF. Colección General |
||
| 994 |
_aC0 _bPEPRU |
||
| 596 | _a1 | ||
| 999 |
_a296.3 L84 _wDEWEY _c50333 _i60993 _f2021-11-11 _g5 _lCCODEBUL1 _mBUL _p40.00 _r0 _sY _tBOOK _u2015-7-6 _xTEOLOGIA _PP35 _0COMPRA _o.STAFF. Colección Teología _d50333 |
||
| 980 |
_81 _gALBERTO SANCHEZ Responsable de Automatización |
||